01779nam a2200457 i 450000100060000000300090000600500170001500800390003201500180007103500230008903500360011203500140014803500210016203500230018303500440020604000280025004100130027808000100029108000100030108000100031124503590032126000330068030000400071333600270075333700540078033800280083438000160086238800140087838800140089249000370090650400320094365000270097565000280100265100260103065100160105665800250107270000450109771000580114283000230120085600980122330113KOSZ 00520200723102116.0970510s1993 pl f |000 0 pol aUWD 1994/5502 a991000531209705066 a(PL-WaBN)b10183772-48omnis_nlop ab10183772 a(OCoLC)834004584 a(PL)b0000001018377 a(EXLNZ-48OMNIS_NETWORK)9910290862705606 aWA NcWA NdKOSZ 005/EG0 apolbeng a502.4 a502.6 a(438)00aProgram rezerwatowej ochrony przyrody i krajobrazu polskich Karpat na tle aktualnej sieci obszarów chronionych =bProgramme of reserve protection of nature and landscape in the Polish Carpathians against a background of the actual net of protected areas /coprac. zbiorowe pod kier. Zygmunta Danisiuka ; Polska Akademia Nauk. Instytut Ochrony Przyrody. aKraków :bPAN. IOP,c1993. a101 s., 7 k. map złoż. ;c24 cm. aTekstbtxt2rdacontent aBez urządzenia pośredniczącegobn2rdamedia aWoluminbnc2rdacarrier aKsiążki a1901-2000 a1989-20001 aStudia Naturae,x0081-6760 ;v39 aBibliogr. s. 88-95. - Summ. 7aObszary chronione2DBN 7aGeografia fizyczna2DBN 7aKarpaty (góry)2DBN 7aPolska2DBN aOchrona środowiska1 aDenisiuk, Zygmuntd(1931-2017)eRedakcja2 aInstytut Ochrony Przyrody (Polska Akademia Nauk)4pbl 0aStudia Naturaev39 uhttp://koha.tu.koszalin.pl/cgi-bin/koha/opac-detail.pl?biblionumber=30113yKatalog online BPK